000 00551nam a22001937a 4500
005 20251108172910.0
008 250721s1991 xx 000 0 ara d
082 1 4 _a724/ حسن
100 1 _aحسن، رجب علي
245 1 0 _aالفن العلمي للعمارة الحديثة /
250 _aط/5
264 1 _aالقاهره :
_bمكتبه مصر للطباعه و النشر،
_c1991.
300 _a398ص
650 1 7 _aالفن
650 1 7 _aالعمارة
650 1 7 _aالعصر الحديث
942 _2ddc
_cBK
999 _c91259
_d91259